LEADER 02893nam 2200745z- 450 001 9910557778903321 005 20210501 035 $a(CKB)5400000000045600 035 $a(oapen)https://directory.doabooks.org/handle/20.500.12854/68665 035 $a(oapen)doab68665 035 $a(EXLCZ)995400000000045600 100 $a20202105d2020 |y 0 101 0 $aeng 135 $aurmn|---annan 181 $ctxt$2rdacontent 182 $cc$2rdamedia 183 $acr$2rdacarrier 200 00$aPhotocatalysts for Organics Degradation 210 $aBasel, Switzerland$cMDPI - Multidisciplinary Digital Publishing Institute$d2020 215 $a1 online resource (98 p.) 311 08$a3-03928-286-7 311 08$a3-03928-287-5 330 $aThe quality of water is not only a technological and scientific issue, but a social and economic problem, in both developed and developing countries. Besides local regulations, which differ between regions and need constant upgrades, significant scientific developments are required in both the detection and removal of water contaminants. This Issue focuses on some recent advancements in the photocatalytic removal of organic pollutants, which is one of the aspects of the problem that involves the need of advanced catalysts and implies significant advancements in the field of materials science and chemical engineering. 606 $aHistory of engineering and technology$2bicssc 610 $aadsorption 610 $aanatase/brookite biphasic 610 $acobalt oxide(II,III) 610 $acopper(II) oxide 610 $adegradation of dyes 610 $aDielectric Barrier Discharge 610 $adye photodecomposition 610 $aFe doping 610 $agraphitic carbon nitride 610 $ahydrothermal reaction 610 $aindigo carmine 610 $aMIL-53(Fe) 610 $an/a 610 $aNi/Fe-MOF 610 $anitrogen-doping 610 $aphosphorescence 610 $aphotocatalytic decomposition of rhodamine B 610 $aphotocatalytic fuel cell 610 $apolyaniline 610 $aregeneration 610 $aresin 610 $asol-gel method 610 $asol-gel method 610 $astrontium aluminates 610 $atitanium dioxide 610 $avisible light irradiation 610 $avisible light photocatalysis 610 $aZ-scheme 615 7$aHistory of engineering and technology 700 $aBonelli$b Barbara$4edt$01328817 702 $aManzoli$b Maela$4edt 702 $aFreyria$b Francesca S$4edt 702 $aEsposito$b Serena$4edt 702 $aBonelli$b Barbara$4oth 702 $aManzoli$b Maela$4oth 702 $aFreyria$b Francesca S$4oth 702 $aEsposito$b Serena$4oth 906 $aBOOK 912 $a9910557778903321 996 $aPhotocatalysts for Organics Degradation$93038990 997 $aUNINA